Normal view MARC view
  • Michael D. Ciletti

Entry Personal Name

Number of records used in: 5

001 - CONTROL NUMBER

  • control field: 3067

003 - CONTROL NUMBER IDENTIFIER

  • control field: NUST

005 - DATE AND TIME OF LATEST TRANSACTION

  • control field: 20170622111027.0

008 - FIXED-LENGTH DATA ELEMENTS

  • fixed length control field: 170622|| aca||aabn | a|a d

040 ## - CATALOGING SOURCE

  • Original cataloging agency: NUST
  • Transcribing agency: NUST

100 ## - HEADING--PERSONAL NAME

  • Personal name: Michael D. Ciletti

670 ## - SOURCE DATA FOUND

  • Source citation: Work cat.: (NUST)23953: Michael D. Ciletti, Advanced Digital Design with the VERILOG HDL
© 2023 Central Library, National University of Sciences and Technology. All Rights Reserved.